000 01543pam a22003131i 4500
001 991010967079707026
003 UkOxU
005 20250923100558.0
006 m || d |
007 cr |||||||||||
008 190214s2019 enk o 000|0|eng|d
020 _a9780751577884
035 _a021652762-44oxf_inst
035 _a(UkOxU)021652762
035 _a(Uk)019348975
037 _aHachetteUK722782
_bIngram Content Group
040 _aStDuBDS
_beng
_erda
_epn
_cStDuBDS
_dUk
_dUkOxU
041 _aeng
042 _aukblsr
050 _aHN18.3
_bM38 2019
100 0 _aMartin, Gina
_eauthor
_925947
245 1 0 _aBe the change
_c/ Gina Martin.
264 1 _aLondon :
_bSphere,
_c2019.
300 _a293 pages :
_billustrations, charts (black and white) ;
_c22 cm.
520 _aWithout any legal or political experience, I changed the law and made upskirting illegal in eighteen months. But this book is not about changing the law. It's not about me. This is yours. It's your handbook, your road map and your toolkit for pushing for change at absolutely any level. From using social media to gain support and to getting pro bono legal support, to regaining your confidence after a perceived 'failure' (hint: there is no such thing), I wrote this book to make sure you believe in your voice, feel ready to put yourself out there and know how to start making things happen. Because if I can do it, so can you.
588 _aDescription based on CIP data; resource not viewed.
650 0 _aSocial action
_925650
942 _2lcc
999 _c4977
_d4977